000 00324nam a22001457a 4500
008 221208b ||||| |||| 00| 0 eng d
020 _a9781464152764
041 _aeng
080 _a51
082 _a51SUL
100 _a22.2
101 _aMATE
245 _aCALCULUS EARLY TRANSCENDENTALS
_cSULLIVAN
942 _2udc
_cBK
999 _c59141
_d59141